Nghiên cứu chế tạo: Bộ tạo sóng nước (Giao thoa, nhiễu xạ), Bộ đo hệ số ma sát

Cơ sở lý luận của thí nghiệm trong dạy học vật lí. Chế tạo thiết bị thí nghiệm và soạn thảo tiến trình dạy học các kiến thức bài “Giao thao sóng” – Vật lí 12 . Chế tạo thiết bị thí nghiệm và soạn thảo tiến trình dạy học các...

وصف كامل

محفوظ في:
التفاصيل البيبلوغرافية
المؤلف الرئيسي: Hà Văn Quyền
مؤلفون آخرون: Nguyễn Nhật Quang (Hướng dẫn)
التنسيق: كتاب
منشور في: Đà Nẵng Đại học Sư phạm, Đại học Đà Nẵng 2012
الموضوعات:
الوسوم: إضافة وسم
لا توجد وسوم, كن أول من يضع وسما على هذه التسجيلة!
Thư viện lưu trữ: Mạng thư viện Đại học Đà Nẵng
LEADER 01867nam a2200337 4500
001 000017391
003 13809
005 20130411160412.0
008 130411s2012 sd
082 |a 531  |b HA-Q 
100 1 |a Hà Văn Quyền 
245 |a Nghiên cứu chế tạo: Bộ tạo sóng nước (Giao thoa, nhiễu xạ), Bộ đo hệ số ma sát  |c Hà Văn Quyền ; Nguyễn Nhật Quang hướng dẫn  |k Khóa luận tốt nghiệp 
260 |a Đà Nẵng  |b Đại học Sư phạm, Đại học Đà Nẵng  |c 2012 
300 |a 43 tr.  |b Hình mh.  |c 29 cm.  |e Đĩa CD, bản tóm tắt 
500 |a Khóa luận tốt nghiệp đại học. Chuyên ngành: Sư phạm Vật Lý 
504 |a Mục lục đầu trang, tài liệu tham khảo tr. 73 - 74, phụ lục [13 tr.] 
520 |a Cơ sở lý luận của thí nghiệm trong dạy học vật lí. Chế tạo thiết bị thí nghiệm và soạn thảo tiến trình dạy học các kiến thức bài “Giao thao sóng” – Vật lí 12 . Chế tạo thiết bị thí nghiệm và soạn thảo tiến trình dạy học các 
600 1 4 |b Vua  |c Đinh Tiên Hoàng 
650 0 4 |a Thí nghiệm vật lý THPT  |v Khóa luận tốt nghiệp  |x Nghiên cứu 
653 |a Khoa Vật lý  |a Hệ số ma sát  |a Bộ tạo sóng nước  |a Thí nghiệm vật lý THPT 
700 |a Nguyễn Nhật Quang  |e Hướng dẫn 
OWN |a LSP 
AVA |a UDN50  |b LSP  |d 531 HA-Q  |e available  |t Error 5001 Not defined in file expand_doc_bib_avail.  |f 1  |g 0  |h N  |i 0  |k 1 
999 |a From the UDN01 
AVA |a UDN50  |b LSP  |d 531 HA-Q  |e available  |t Error 5001 Not defined in file expand_doc_bib_avail.  |f 1  |g 0  |h N  |i 0  |k 1 
TYP |a Monograph 
TYP |a Printed language 
980 |a Mạng thư viện Đại học Đà Nẵng